Vymedzenie konvergenčného procesu

Ekonomická konvergencia. Prístupy k hodnoteniu konvergenčného procesu. Hodnotenie dvoch indikátorov – miery dobiehania a konvergencie.

Guardado en:
Detalles Bibliográficos
Autor principal: Fifeková, Elena
Formato: Capítulo de libro
Lenguaje:eslovaco
Materias:
Etiquetas: Agregar Etiqueta
Sin Etiquetas, Sea el primero en etiquetar este registro!

MARC

LEADER 00000nla$a2200000$$$4500
001 0120289
005 20240502072340.2
041 0 |a slo 
044 |a SK 
245 1 0 |a Vymedzenie konvergenčného procesu  |c Elena Fifeková 
520 |a Ekonomická konvergencia. Prístupy k hodnoteniu konvergenčného procesu. Hodnotenie dvoch indikátorov – miery dobiehania a konvergencie. 
610 2 0 |a konvergencia 
610 2 0 |a teórie ekonomické 
610 2 0 |a rast hospodársky 
610 2 0 |a produkt domáci hrubý 
610 2 0 |a konkurencieschopnosť 
610 2 0 |a rozvoj regionálny 
100 1 |a Fifeková, Elena